Introduction to mechanics of solids (Record no. 1683)
[ view plain ]
| 000 -LEADER | |
|---|---|
| fixed length control field | 00855nac a22002291u 4500 |
| 010 ## - LIBRARY OF CONGRESS CONTROL NUMBER | |
| LC control number | 68010135 |
| 082 00 - DEWEY DECIMAL CLASSIFICATION NUMBER | |
| Classification number | 620.112 |
| Item number | P8292 |
| 090 ## - LOCALLY ASSIGNED LC-TYPE CALL NUMBER (OCLC); LOCAL CALL NUMBER (OCLC) | |
| -- | 1683 |
| -- | 1683 |
| 100 ## - MAIN ENTRY--PERSONAL NAME | |
| Personal name | Popov, E. P. |
| 245 10 - TITLE STATEMENT | |
| Title | Introduction to mechanics of solids |
| Statement of responsibility, etc | [by] Egor P. Popov. |
| 260 ## - PUBLICATION, DISTRIBUTION, ETC. (IMPRINT) | |
| Place of publication, distribution, etc | Englewood Cliffs, N.J., |
| Name of publisher, distributor, etc | Prentice-Hall |
| Date of publication, distribution, etc | [1968] |
| 300 ## - PHYSICAL DESCRIPTION | |
| Extent | xix, 571 p. |
| Other physical details | illus. |
| Dimensions | 24 cm. |
| 490 0# - Series Statement | |
| Series statement | Civil engineering and engineering mechanics series |
| 500 ## - GENERAL NOTE | |
| General note | Based on the author's Mechanics of materials. |
| 500 ## - GENERAL NOTE | |
| General note | Donations |
| 500 ## - GENERAL NOTE | |
| General note | Donations - Dr. Mostafa Gouda |
| 504 ## - BIBLIOGRAPHY, ETC. NOTE | |
| Bibliography, etc | Bibliographical footnotes. |
| 650 #0 - SUBJECT ADDED ENTRY--TOPICAL TERM | |
| Topical term or geographic name as entry element | Strength of materials. |
| 740 ## - ADDED ENTRY--UNCONTROLLED RELATED/ANALYTICAL TITLE | |
| Uncontrolled related/analytical title | Mechanics of solids. |
| 942 ## - ADDED ENTRY ELEMENTS (KOHA) | |
| Item type | Book - Borrowing |
| Call number prefix | 620.112P8292 |
| Withdrawn status | Item status | Damaged status | Not for loan | Home library | Current library | Shelving location | Date acquired | Source of acquisition | Total Checkouts | Full call number | Barcode | Date last seen | Koha item type |
|---|---|---|---|---|---|---|---|---|---|---|---|---|---|
| Central Library | Central Library | First floor | 04/12/2006 | Purchase | 620.112 POP | 000002658 | 15/07/2025 | Book - Borrowing |